| 000 | 00569nam a22001937a 4500 | ||
|---|---|---|---|
| 003 | koha_MIRAKIL | ||
| 005 | 20231213095610.0 | ||
| 008 | 231213b |||||||| |||| 00| 0 ||| d | ||
| 020 | _b978-9-75860205-6 | ||
| 040 |
_aTR-IsEVY _btur _cTR-IsEVY |
||
| 082 | _a828.33 STO/T | ||
| 100 | _aStowe, Harriet Beecher. | ||
| 245 | 0 | _aTom Amca'nın kulübesi | |
| 260 |
_bParıltı Yayıncılık, _c2010 |
||
| 300 | _a128 s. | ||
| 650 | _aAmerican literature -- Fiction -- World classics. | ||
| 650 | _aAmerikan edebiyatı -- Roman -- Dünya klasikleri. | ||
| 942 |
_2ddc _cBK |
||
| 999 |
_c6293 _d6293 |
||